| 000 | 00748nam a22002057a 4500 | ||
|---|---|---|---|
| 005 | 2010080401181.0 | ||
| 010 | _aENG-98133 | ||
| 020 |
_a9788170392712 _c400.00 |
||
| 035 | _aEN-81666 | ||
| 037 | _bDBAD/PUB | ||
| 082 | _a230.31954 | ||
| 245 |
_aThe iconic female : _bgoddesses of India, Nepal and Tibet / _cby Jayant Bhalchandra Bapat [and] Ian Mabbett |
||
| 260 |
_aNew Delhi _bSomaiya Publications _c2008 |
||
| 270 |
_a6th floor, Bank of Baroda Building, 16 Parliament Street _bNew Delhi _e110001 |
||
| 300 |
_axiv, 230p. _c22cm (Hb) _eb&w photoes |
||
| 500 | _aincludes bibliographical references and index | ||
| 700 |
_aBhalchandra Bapat, Jayant _96091 |
||
| 700 |
_aMabbett, Ian _96092 |
||
| 942 |
_2ddc _cEN _h230.31954 _mICO |
||
| 999 |
_c39245 _d39245 |
||